MARC
| LEADER | 00000 a a2200000 04500 | ||
|---|---|---|---|
| 001 | 16697 | ||
| 003 | |||
| 040 | |||
| 090 | |a 1001 A188d | ||
| 100 | |a Sweder, Harald | ||
| 111 | |a Symposium Action rresearch and scientific analysis= Investigación activa y análisis científico (Cartagena, Colombia. Abril 18-23, 1977) | ||
| 245 | |a Deficiences in action research and community work | ||
| 260 | |a Cartagena : |b A.I.S. | ||
| 300 | |a 22 p. | ||
| 999 | |c 2627 |d 2627 | ||
